Dessert Typing Challenge Quiz Stats

 Plays Quiz Updated Jul 28, 2018

Also try: British Desserts
Challenge
Share
Tweet
Embed
Score 0/52 Timer 01:30
34 Plays Today
Clue Answer % Correct
????
100%
????
97.7%
????
96.4%
????
95.7%
????
94.9%
????
94.3%
????
94%
????
93.7%
????
93.4%
????
93%
????
92.8%
????
92.6%
????
92.4%
????
92.1%
????
92%
????
91.5%
????
91.3%
????
91%
????
90.6%
????
90.1%
????
89.4%
????
89%
????
88.3%
????
87.6%
????
85.5%
????
84.3%
Clue Answer % Correct
????
83.1%
????
81.5%
????
80.1%
????
78.2%
????
76.6%
????
74.9%
????
72.3%
????
70.3%
????
68%
????
65.4%
????
62.5%
????
60.1%
????
57.4%
????
53.2%
????
48.4%
????
43.8%
????
40.9%
????
37.2%
????
33.8%
????
29.6%
????
25.4%
????
20.7%
????
17.3%
????
13.3%
????
9%
????
5.9%

You're not logged in!

Compare scores with friends on all Sporcle quizzes.
Join for Free
OR
Log In

You Might Also Like...

Show Comments

Extras

Top Quizzes Today


Score Distribution

Your Account Isn't Verified!

In order to create a playlist on Sporcle, you need to verify the email address you used during registration. Go to your Sporcle Settings to finish the process.

Report this User

Report this user for behavior that violates our Community Guidelines.

Details: